000 00398nam a2200157Ia 4500
008 200103s9999||||xx |||||||||||||| ||und||
020 _a9780713682649,
040 _aIMU-MPC
082 _aColumn-9
100 _aJackson, Leslie
245 0 _aReed's general engineering knowledge for marine engineers
250 _aVol. 8
260 _bAdlard Coles Nautical
_c2006
300 _a519
942 _cBK
999 _c4196
_d4196